Beyond the wall : exploring George R.R. Martin's A song of ice and fire, from A game of thrones to A dance with Dragons.

Spremljeno u:
Bibliografski detalji
Daljnji autori: Lowder, James (Urednik), Salvatore, R.A (foreword)
Format: Knjiga
Izdano: Dallas, Texas, USA: Smart Pop, 2012.
Teme:
Oznake: Dodaj oznaku
Bez oznaka, Budi prvi tko označuje ovaj zapis!

MARC

LEADER 00000nam a22000007a 4500
003 CL-VaPUC
005 20230424103235.0
008 230327t2012 ||||| |||| 00| 0 eng d
999 |c 440330  |d 440328 
020 |a 978-1936661-74-9 
040 |c Pontificia Universidad Católica de Valparaíso 
082 |2 22  |a 813 LOW 2012 
100 1 |a Lowder, James  |e editor  |9 880941 
245 |a Beyond the wall : exploring George R.R. Martin's A song of ice and fire, from A game of thrones to A dance with Dragons. 
260 |a Dallas, Texas, USA:  |b Smart Pop,  |c 2012. 
300 |a 220 páginas. 
500 |a c.1 Donación Literatura. Memo 3/2023. Educación 
583 |c 20230327  |k Catalogador Asistente 
650 0 |9 265217  |a Novelas estadounidenses  |x Ciencia ficción   |v Crítica e interpretación  
650 0 |9 880976  |a Literatura épica estadounidense   |v Crítica e interpretación   |x Juego de tronos   |x Una danza con dragones 
700 |a Salvatore, R.A.  |e foreword  |9 880942 
942 |2 ddc  |c BK 
952 |0 0  |1 0  |2 ddc  |4 0  |6 813_000000000000000_LOW_2012  |7 0  |8 A  |9 589263  |a FDOPOS  |b FDOPOS  |d 2023-03-27  |e Donación  |i 5656840  |o 813 LOW 2012  |p 5656840  |r 2025-01-22  |t 1  |w 2023-03-27  |y BK  |k DLH